| 000 | 00944nas a2200313 4500 | ||
|---|---|---|---|
| 001 | BR2018002444 | ||
| 003 | BR-BrBNA | ||
| 005 | 20231205131458.0 | ||
| 007 | ta | ||
| 008 | 230509b bl.|||p| |||| 00| 00por d | ||
| 040 |
_aBR-BrBNA _bpor _cBiblioteca Nacional de Agricultura |
||
| 041 | _a(En) | ||
| 072 | _aF02; F01 | ||
| 100 | 1 | _aVilla, F. | |
| 100 | 1 | _aStumm, D.R. | |
| 100 | 1 | _aSilva, D.F. da | |
| 100 | 1 | _aMenegusso, F.J. | |
| 100 | 1 | _aRitter, G. | |
| 100 | 1 | _aKohler, T.R. | |
| 245 | 1 | _aRooting of black raspberry with plant growth regulator | |
| 650 | _aFRAMBOESA | ||
| 650 | _aENRAIZAMENTO | ||
| 650 | _aPROPAGAÇÃO VEGETATIVA | ||
| 650 | _aREGULADOR DE CRESCIMENTO | ||
| 773 | 0 |
_tCiência Rural (Brazil) _xISSN 1678-4596 _g(2018), v. 48(3) p. 1-5 _wBR2018002444 |
|
| 856 | 4 | 0 | _uhttp://www.scielo.br/pdf/cr/v48n3/1678-4596-cr-48-03-e20161023.pdf |
| 909 |
_a202311 _bLúcia _c55 _dLúcia Elande |
||
| 942 |
_2AGRIS _n0 _cANA |
||
| 999 |
_c255051 _d255051 |
||